Report and accounts for the year ended 31st December, 1968 (Record no. 89018)

MARC details
000 -LEADER
fixed length control field 00538cam a2200193 4500
001 - CONTROL NUMBER
control field D16070
008 - FIXED-LENGTH DATA ELEMENTS--GENERAL INFORMATION
fixed length control field 090401t1968 xxu||||| |||| 00| 0 eng d
035 ## - SYSTEM CONTROL NUMBER
System control number (Sirsi) u26963
041 ## - LANGUAGE CODE
Language code of text/sound track or separate title eng
110 ## - MAIN ENTRY--CORPORATE NAME
Corporate name or jurisdiction name as entry element Chartered Auctioneers and Estate Agents` Institute
245 ## - TITLE STATEMENT
Title Report and accounts for the year ended 31st December, 1968
260 ## - PUBLICATION, DISTRIBUTION, ETC.
Name of publisher, distributor, etc. CAEAI
Date of publication, distribution, etc. 1968
300 ## - PHYSICAL DESCRIPTION
Extent 19p
350 ## - PRICE (NR) (BK AM CF MU VM SE) [OBSOLETE]
Price 0
520 ## - SUMMARY, ETC.
Summary, etc. Filed in box 1968/30 A
710 ## - ADDED ENTRY--CORPORATE NAME
Corporate name or jurisdiction name as entry element Liverpool and district and North Wales branch
9 (RLIN) 1321
942 ## - ADDED ENTRY ELEMENTS (KOHA)
Suppress in OPAC 0
948 ## - LOCAL PROCESSING INFORMATION (OCLC); SERIES PART DESIGNATOR (RLIN)
c (OCLC) 04/03/1997
Holdings
Withdrawn status Lost status Source of classification or shelving scheme Damaged status Not for loan Home library Current library Shelving location Date acquired Total Checkouts Full call number Barcode Date last seen Copy number Price effective from Koha item type
    Other/Generic Classification Scheme     London London RICS Boxes 21/08/1991   RICS 1968/30 30028022 06/08/2019 1 06/08/2019 Reference material